Cities by Historical Photo - Statistics

General Stats
  • This quiz has been taken 162 times
  • The average score is 6 of 12
Answer Stats
Picture Answer % Correct
London
97%
Paris
86%
New York
81%
Rome
70%
Tokyo
69%
Istanbul
37%
Rio de Janeiro
35%
San Francisco
27%
Saint Petersburg
25%
Turin
19%
Dresden
13%
Hamburg
12%
No matching quizzes found
Score Distribution
Percent of People with Each Score
Percentile by Number Answered
Your Score History
You have not taken this quiz